[Event "Cappelle Online Rapid op"]
[Site "Europe Echecs INT"]
[Date "2021.03.06"]
[Round "8"]
[White "Mammadova, Gulnar Marfat Qizi"]
[Black "Jacquot, David"]
[Result "1-0"]
[WhiteElo "2382"]
[BlackElo "1830"]
[PlyCount "79"]
[EventDate "2021.03.06"]
[EventType "swiss (rapid)"]
[EventRounds "9"]
[EventCountry "FRA"]
[SourceTitle "CBM 201 Extra"]
[Source "ChessBase"]
[SourceDate "2021.05.31"]
[SourceVersion "1"]
[SourceVersionDate "2021.05.31"]
[SourceQuality "1"]

1. e4 c5 2. Nf3 Nc6 3. Bb5 g6 4. 0-0 Bg7 5. h3 d6 6. c3 Bd7 7. d4 cxd4 8. cxd4 Qb6 9. Nc3 Nf6 10. e5 Ng8 11. exd6 exd6 12. Nd5 Qd8 13. Re1+ Kf8 14. Bg5 Nf6 15. Qd2 h6 16. Bxf6 Bxf6 17. Qf4 Kg7 18. Qxd6 Bf5 19. Qxf6+ Qxf6 20. Nxf6 Kxf6 21. Bxc6 bxc6 22. Rac1 Rhc8 23. Ne5 Kg7 24. Nxc6 Be6 25. b3 a5 26. Re2 Bd5 27. Rec2 a4 28. b4 a3 29. b5 Ra4 30. Ne7 Rxc2 31. Rxc2 Rxd4 32. b6 Be4 33. Rc7 Rb4 34. Nc8 Rb2 35. Nd6 Bd5 36. Ne8+ Kh7 37. Nf6+ Kg7 38. Nxd5 Rxa2 39. Ra7 Rd2 40. b7 1-0

[Event "FRA-ch Blitz Online Qual"]
[Site "Europe Echecs INT"]
[Date "2020.05.16"]
[Round "8"]
[White "Spitz, Christophe"]
[Black "Jacquot, David"]
[Result "1-0"]
[WhiteElo "2137"]
[BlackElo "1830"]
[PlyCount "81"]
[EventDate "2020.05.16"]
[EventType "swiss (blitz)"]
[EventRounds "15"]
[EventCountry "FRA"]
[SourceTitle "CBM 196 Extra"]
[Source "ChessBase"]
[SourceDate "2020.07.31"]
[SourceVersion "1"]
[SourceVersionDate "2020.07.31"]
[SourceQuality "1"]

1. e4 c5 2. Nf3 Nc6 3. d4 cxd4 4. Nxd4 e5 5. Nb5 a6 6. Nd6+ Bxd6 7. Qxd6 Qe7 8. Qxe7+ Ngxe7 9. c4 Nd4 10. Na3 0-0 11. Be3 Nec6 12. 0-0-0 d6 13. Nc2 f5 14. exf5 Nxf5 15. Bb6 Nfd4 16. Nxd4 exd4 17. f3 Rf4 18. Be2 Be6 19. g3 Rf5 20. Bxd4 Nxd4 21. Rxd4 Rc8 22. b3 b5 23. Rxd6 Bf7 24. Rd4 Re5 25. Bd3 bxc4 26. bxc4 Rec5 27. Kd2 Bxc4 28. Rc1 Bxd3 29. Rxc5 Rxc5 30. Kxd3 Ra5 31. a4 h6 32. Kc3 Kf7 33. Kb4 Rf5 34. f4 a5+ 35. Kc4 g5 36. Rd5 Rf6 37. fxg5 hxg5 38. Rxa5 Rf2 39. Rxg5 Rxh2 40. a5 Ra2 41. Kb5 1-0

[Event "Bordeaux City-ch"]
[Site "Bordeaux"]
[Date "2013.05.09"]
[Round "3"]
[White "Jacquot, David"]
[Black "Lacroix, Romain"]
[Result "1/2-1/2"]
[WhiteElo "1871"]
[BlackElo "2162"]
[PlyCount "45"]
[EventDate "2013.05.08"]
[EventType "swiss"]
[EventRounds "9"]
[EventCountry "FRA"]
[SourceTitle "CBM 154 Extra"]
[Source "ChessBase"]
[SourceDate "2013.06.25"]
[SourceVersion "2"]
[SourceVersionDate "2013.06.25"]
[SourceQuality "1"]

1. d4 Nf6 2. Bg5 d5 3. Nf3 e6 4. Nbd2 Be7 5. e3 0-0 6. Bd3 Nbd7 7. c3 c5 8. 0-0 h6 9. Bh4 b6 10. Ne5 Nxe5 11. dxe5 Nd7 12. Bxe7 Qxe7 13. f4 Bb7 14. Qh5 f5 15. g4 Qe8 16. Qxe8 Raxe8 17. gxf5 exf5 18. Nf3 g5 19. Rad1 Rf7 20. Kf2 Kf8 21. Bb5 Ke7 22. fxg5 Kd8 23. gxh6 1/2-1/2

[Event "Mont de Marsan op 9th"]
[Site "Mont de Marsan"]
[Date "2012.12.29"]
[Round "7"]
[White "Jacquot, David"]
[Black "Gonzalez Fernandez, Jorge"]
[Result "0-1"]
[WhiteElo "1870"]
[BlackElo "1693"]
[PlyCount "28"]
[EventDate "2012.12.27"]
[EventType "swiss"]
[EventRounds "9"]
[EventCountry "FRA"]
[SourceTitle "CBM 152 Extra"]
[Source "ChessBase"]
[SourceDate "2013.02.25"]
[SourceVersion "1"]
[SourceVersionDate "2013.02.25"]
[SourceQuality "1"]

1. d4 Nf6 2. Bg5 d5 3. Nf3 Bf5 4. e3 Nbd7 5. Nbd2 e6 6. Nh4 Bg4 7. f3 Bh5 8. g4 Bg6 9. Nxg6 hxg6 10. Qe2 c6 11. 0-0-0 Qa5 12. Kb1 0-0-0 13. e4 dxe4 14. fxe4 Qxg5 0-1

[Event "Mont de Marsan op 9th"]
[Site "Mont de Marsan"]
[Date "2012.12.27"]
[Round "4"]
[White "Billiar Bourgy, Vincent"]
[Black "Jacquot, David"]
[Result "1-0"]
[WhiteElo "1776"]
[BlackElo "1870"]
[PlyCount "51"]
[EventDate "2012.12.27"]
[EventType "swiss"]
[EventRounds "9"]
[EventCountry "FRA"]
[SourceTitle "CBM 152 Extra"]
[Source "ChessBase"]
[SourceDate "2013.02.25"]
[SourceVersion "1"]
[SourceVersionDate "2013.02.25"]
[SourceQuality "1"]

1. e4 c5 2. c3 Qa5 3. Nf3 d6 4. Be2 Nf6 5. d3 g6 6. 0-0 Bg7 7. h3 0-0 8. Be3 Nc6 9. Nbd2 e5 10. a3 Qc7 11. Rc1 b6 12. d4 Ne8 13. b4 Qe7 14. d5 Nb8 15. bxc5 dxc5 16. Re1 Nd6 17. a4 f5 18. exf5 gxf5 19. Bg5 Qf7 20. Nc4 Qg6 21. Nxd6 Qxd6 22. Bc4 Ba6 23. Be7 Qg6 24. Bxf8 Kxf8 25. Bxa6 Nxa6 26. Nxe5 1-0

[Event "Ambes op 3rd"]
[Site "Ambes"]
[Date "2010.04.30"]
[Round "7"]
[White "Jacquot, David"]
[Black "Gallice, Francois"]
[Result "1-0"]
[WhiteElo "1945"]
[BlackElo "1861"]
[PlyCount "51"]
[EventDate "2010.04.24"]
[EventType "swiss"]
[EventRounds "9"]
[EventCountry "FRA"]
[SourceTitle "EXT 2011"]
[Source "ChessBase"]
[SourceDate "2010.11.26"]
[SourceVersion "1"]
[SourceVersionDate "2010.11.26"]
[SourceQuality "1"]

1. d4 f5 2. Bg5 h6 3. Bh4 g5 4. e4 Nf6 5. e5 Ng4 6. h3 gxh4 7. hxg4 e6 8. gxf5 Qg5 9. f6 c5 10. Nf3 Qg6 11. d5 exd5 12. Qxd5 Qxc2 13. Nbd2 Nc6 14. Bd3 Nb4 15. Bxc2 Nxd5 16. Bg6+ Kd8 17. Rxh4 Rg8 18. Bf7 Nb4 19. Rxb4 Rxg2 20. Kf1 Rxf2+ 21. Kxf2 cxb4 22. Ne4 b6 23. Nd6 Bxd6 24. exd6 Ba6 25. Re1 Kc8 26. Re8+ 1-0

[Event "Ambes op 3rd"]
[Site "Ambes"]
[Date "2010.04.29"]
[Round "6"]
[White "Pellegrin, Guy"]
[Black "Jacquot, David"]
[Result "1/2-1/2"]
[WhiteElo "1840"]
[BlackElo "1945"]
[PlyCount "56"]
[EventDate "2010.04.24"]
[EventType "swiss"]
[EventRounds "9"]
[EventCountry "FRA"]
[SourceTitle "EXT 2011"]
[Source "ChessBase"]
[SourceDate "2010.11.26"]
[SourceVersion "1"]
[SourceVersionDate "2010.11.26"]
[SourceQuality "1"]

1. d4 f5 2. Nf3 g6 3. c4 Nf6 4. Nc3 Bg7 5. g3 d6 6. Bg2 0-0 7. 0-0 Qe8 8. d5 Na6 9. Rb1 Bd7 10. Nd4 Nc5 11. b4 Nce4 12. Nxe4 Nxe4 13. Bb2 c6 14. Bxe4 fxe4 15. Ne6 Bxe6 16. Bxg7 Kxg7 17. dxe6 Rf6 18. Qd4 Qg8 19. Qxe4 Qxe6 20. Qxe6 Rxe6 21. e3 Re4 22. Rfc1 Rc8 23. Rb3 Re5 24. Rd3 b5 25. f4 bxc4 26. Rxc4 Rb5 27. a4 Rb7 28. Rcc3 Kf6 1/2-1/2

[Event "Ambes op 3rd"]
[Site "Ambes"]
[Date "2010.04.28"]
[Round "5"]
[White "Jacquot, David"]
[Black "Font, Bernard"]
[Result "1-0"]
[WhiteElo "1945"]
[BlackElo "1762"]
[PlyCount "67"]
[EventDate "2010.04.24"]
[EventType "swiss"]
[EventRounds "9"]
[EventCountry "FRA"]
[SourceTitle "EXT 2011"]
[Source "ChessBase"]
[SourceDate "2010.11.26"]
[SourceVersion "1"]
[SourceVersionDate "2010.11.26"]
[SourceQuality "1"]

1. d4 d5 2. Nf3 Nf6 3. Bg5 e6 4. Nbd2 Be7 5. e3 Nbd7 6. Bd3 0-0 7. c3 c6 8. Qe2 Re8 9. Bf4 c5 10. 0-0 c4 11. Bc2 b5 12. e4 Nf8 13. e5 N6d7 14. h3 f5 15. exf6 Nxf6 16. Ne5 Bd6 17. Bg5 Bb7 18. f4 Be7 19. Qf2 Ne4 20. Nxe4 dxe4 21. Bxe7 Qxe7 22. Qe3 Bd5 23. Bxe4 Qb7 24. Bxd5 exd5 25. Qf3 Re6 26. b3 Rb6 27. b4 Ne6 28. Qg4 Rf8 29. g3 Rd6 30. a4 a6 31. axb5 axb5 32. Ra5 Ra6 33. Rfa1 Rxa5 34. Qxe6+ 1-0

[Event "Ambes op 3rd"]
[Site "Ambes"]
[Date "2010.04.26"]
[Round "3"]
[White "Jacquot, David"]
[Black "Hui Bon Hoa, Edmond"]
[Result "1-0"]
[WhiteElo "1945"]
[BlackElo "1792"]
[PlyCount "55"]
[EventDate "2010.04.24"]
[EventType "swiss"]
[EventRounds "9"]
[EventCountry "FRA"]
[SourceTitle "EXT 2011"]
[Source "ChessBase"]
[SourceDate "2010.11.26"]
[SourceVersion "1"]
[SourceVersionDate "2010.11.26"]
[SourceQuality "1"]

1. d4 Nf6 2. Nf3 d5 3. Bg5 Ne4 4. Bf4 g6 5. Nbd2 Bg7 6. e3 Bg4 7. Be2 Nxd2 8. Qxd2 0-0 9. h3 Bxf3 10. Bxf3 c6 11. 0-0 Nd7 12. Qb4 Nb6 13. a4 a5 14. Qb3 Re8 15. c3 c5 16. Bg3 Ra7 17. Rfd1 cxd4 18. cxd4 Nd7 19. Rac1 Qb6 20. Qc2 Nf6 21. Bd6 Bf8 22. Be5 Nd7 23. Bf4 Nf6 24. Rd3 Qd8 25. Bg5 h6 26. Bh4 g5 27. Bg3 Ne4 28. Be5 1-0

[Event "Mont de Marsan op 6th"]
[Site "Mont de Marsan"]
[Date "2006.12.26"]
[Round "2"]
[White "Darrigues, Alain"]
[Black "Jacquot, David"]
[Result "0-1"]
[WhiteElo "1989"]
[BlackElo "1830"]
[PlyCount "112"]
[EventDate "2006.12.26"]
[EventType "swiss"]
[EventRounds "9"]
[EventCountry "FRA"]
[SourceTitle "CBM 116 Extra"]
[Source "ChessBase"]
[SourceDate "2007.03.07"]
[SourceVersion "1"]
[SourceVersionDate "2007.03.07"]
[SourceQuality "1"]

1. d4 f5 2. e4 d6 3. Nc3 Nf6 4. Bd3 Nc6 5. Nf3 fxe4 6. Nxe4 Bg4 7. c3 Qd7 8. h3 Bh5 9. Nxf6+ gxf6 10. d5 Bxf3 11. Qxf3 Ne5 12. Qh5+ Kd8 13. Be2 c6 14. c4 Kc7 15. f4 Ng6 16. Bg4 Qe8 17. 0-0 Bg7 18. Bf5 cxd5 19. cxd5 Qb5 20. Be3 Rad8 21. Rac1+ Kb8 22. Rc2 b6 23. Rfc1 Qb4 24. a3 Qb3 25. Re1 e5 26. dxe6 Ne7 27. Rce2 Qd5 28. g4 Nxf5 29. gxf5 Bf8 30. Rg2 Be7 31. Kh2 Qd3 32. Rd2 Qe4 33. Rd4 Qc6 34. Qe2 Rhg8 35. Rc1 Qb7 36. b4 Rg7 37. Rg1 Rxg1 38. Bxg1 Rg8 39. Qe4 Qa6 40. Qd3 Qb7 41. Rd5 Qc6 42. Be3 Rg7 43. b5 Qb7 44. Bd2 Rg8 45. Bb4 Bf8 46. Qc4 Qg7 47. Qf1 Qc7 48. Rd2 Kc8 49. Qd3 d5 50. Qf3 Bxb4 51. axb4 Qc1 52. Rg2 Rxg2+ 53. Kxg2 Qd2+ 54. Kg3 Qd4 55. Kh4 Kd8 56. Kg4 Ke7 0-1

[Event "Mont de Marsan op"]
[Site "Mont de Marsan"]
[Date "2005.12.28"]
[Round "5"]
[White "Jacquot, David"]
[Black "Marni Sandid, Tarik"]
[Result "1-0"]
[WhiteElo "1850"]
[BlackElo "1720"]
[PlyCount "73"]
[EventDate "2005.12.26"]
[EventType "swiss"]
[EventRounds "7"]
[EventCountry "FRA"]
[SourceTitle "CBM 110 Extra"]
[Source "ChessBase"]
[SourceDate "2006.03.10"]
[SourceVersion "2"]
[SourceVersionDate "2006.03.10"]
[SourceQuality "1"]

1. d4 Nf6 2. Bg5 e6 3. e4 Be7 4. Nd2 0-0 5. Bd3 Nc6 6. c3 Ne8 7. Bxe7 Nxe7 8. f4 f5 9. e5 c5 10. dxc5 Ng6 11. Ne2 b6 12. 0-0 bxc5 13. Nc1 d6 14. exd6 Nxd6 15. Ncb3 Qc7 16. Nc4 Nxc4 17. Bxc4 Nxf4 18. Qf3 Nd5 19. Bxd5 exd5 20. Qxd5+ Kh8 21. Qxa8 c4 22. Nd4 Qc5 23. Qc6 Qe7 24. Rae1 Qf7 25. Qc5 h6 26. Qe7 Qg8 27. Qxa7 Qd5 28. Re7 Qg8 29. Rfe1 f4 30. Rc7 Qh7 31. Qc5 Qg8 32. Ree7 Qh7 33. Rxg7 Qb1+ 34. Kf2 Re8 35. Rh7+ Qxh7 36. Rxh7+ Kxh7 37. Qxc4 1-0